Tilastot visalle Jaksollinen järjestelmä

Klikkaa tästä pelataksesi tätä visaa!

Yleistilastot

  • Tätä visaa on pelattu 5 214 kertaa
  • Keskiarvotulos 36 / 118

Vastaustilastot

#Kemiallinen merkkiAlkuaine% Oikein
8OHappi
95%
79AuKulta
94%
1HVety
92%
47AgHopea
91%
26FeRauta
87%
6CHiili
85%
7NTyppi
84%
2HeHelium
81%
29CuKupari
78%
19KKalium
69%
20CaKalsium
69%
30ZnSinkki
68%
12MgMagnesium
66%
11NaNatrium
64%
80HgElohopea
64%
13AlAlumiini
61%
3LiLitium
61%
92UUraani
60%
16SRikki
60%
17ClKloori
60%
10NeNeon
56%
9FFluori
54%
5BBoori
54%
15PFosfori
53%
50SnTina
53%
14SiPii
51%
82PbLyijy
49%
18ArArgon
48%
53IJodi
48%
24CrKromi
43%
28NiNikkeli
43%
78PtPlatina
40%
22TiTitaani
39%
86RnRadon
39%
35BrBromi
37%
54XeKsenon
37%
4BeBeryllium
35%
25MnMangaani
34%
94PuPlutonium
33%
99EsEinsteinium
33%
27CoKoboltti
33%
88RaRadium
31%
34SeSeleeni
30%
56BaBarium
26%
32GeGermanium
25%
55CsCesium
24%
48CdKadmium
24%
33AsArseeni
23%
36KrKrypton
23%
46PdPalladium
22%
84PoPolonium
22%
21ScSkandium
21%
31GaGallium
21%
39YYttrium
20%
57LaLantaani
20%
38SrStrontium
20%
96CmCurium
19%
74WVolframi
19%
95AmAmerikium
19%
40ZrZirkonium
19%
87FrFrankium
19%
23VVanadiini
19%
77IrIridium
18%
63EuEuropium
17%
98CfKalifornium
17%
93NpNeptunium
17%
115McMoskovium
16%
83BiVismutti
16%
42MoMolybdeeni
15%
70YbYtterbium
15%
37RbRubidium
15%
81TlTallium
15%
111RgRöntgenium
15%
102NoNobelium
15%
49InIndium
15%
90ThTorium
14%
118OgOganesson
14%
52TeTelluuri
14%
58CeCerium
14%
76OsOsmium
13%
89AcAktinium
13%
45RhRodium
13%
97BkBerkelium
13%
51SbAntimoni
13%
85AtAstatiini
13%
69TmTulium
13%
73TaTantaali
13%
60NdNeodyymi
13%
101MdMendelevium
12%
117TsTennessiini
12%
112CnKopernikium
12%
43TcTeknetium
12%
107BhBohrium
12%
72HfHafnium
12%
64GdGadolinium
12%
103LrLawrencium
12%
68ErErbium
11%
41NbNiobium
11%
108HsHassium
11%
67HoHolmium
11%
104RfRutherfordium
11%
44RuRutenium
11%
59PrPraseodyymi
11%
65TbTerbium
10%
116LvLivermorium
10%
62SmSamarium
10%
100FmFermium
10%
71LuLutetium
10%
106SgSeaborgium
10%
75ReRenium
10%
61PmPrometium
9%
105DbDubnium
9%
91PaProtaktinium
9%
110DsDarmstadtium
9%
109MtMeitnerium
8%
66DyDysprosium
8%
113NhNihonium
8%
114FlFlerovium
8%

Tulosjakauma

Persentiili vastausten määrän mukaan

Jokaisen tuloksen saaneiden osuus

Tuloshistoriasi

Et ole pelannut tätä visaa